Prahlad Kumar Baruar galpa sankalan (Record no. 3970)

MARC details
000 -LEADER
fixed length control field 00520cam a2200193ua 4500
001 - CONTROL NUMBER
control field 4152
005 - DATE AND TIME OF LATEST TRANSACTION
control field 20260515113807.0
008 - FIXED-LENGTH DATA ELEMENTS--GENERAL INFORMATION
fixed length control field 111219n ii |||gr||||Z||||||asm
040 ## - CATALOGING SOURCE
Transcribing agency MAIN
082 ## - DEWEY DECIMAL CLASSIFICATION NUMBER
Classification number 891.4513
100 1# - MAIN ENTRY--PERSONAL NAME
Personal name Barua, Prahlad Kumar,
245 11 - TITLE STATEMENT
Title Prahlad Kumar Baruar galpa sankalan
Statement of responsibility, etc. by Prahlad Kumar Barua
250 ## - EDITION STATEMENT
Edition statement 1st.
260 ## - PUBLICATION, DISTRIBUTION, ETC.
Place of publication, distribution, etc. Dhemaji:
Name of publisher, distributor, etc. Kiran prakashan,
Date of publication, distribution, etc. 2011.
300 ## - PHYSICAL DESCRIPTION
Extent 534p:
Dimensions 23cm.
653 ## - INDEX TERM--UNCONTROLLED
Uncontrolled term Assamese short stories
653 ## - INDEX TERM--UNCONTROLLED
Uncontrolled term Prahlad Kumar Baruar galpa sankalan
942 ## - ADDED ENTRY ELEMENTS (KOHA)
Koha item type Books
Holdings
Withdrawn status Lost status Damaged status Not for loan Home library Current library Shelving location Date acquired Total checkouts Full call number Barcode Date last seen Date last checked out Copy number Price effective from Koha item type
        Naharkatiya College Library Naharkatiya College Library General stacks 09/19/2020 2 891.4513 | BAR 20506 01/10/2022 01/10/2022 1 09/19/2020 Books